000 00879 a2200217 4500
003 NUST
005 20221214143109.0
010 _a 96040283
020 _a0201694662 (alk. paper)
040 _cNust
082 0 0 _a306.850973,DOH
100 1 _aDoherty, William J.
_9104844
245 1 4 _aThe intentional family :
_bhow to build family ties in our modern world /
_cWilliam J. Doherty.
260 _aReading, Mass. :
_bAddison-Wesley Publishing,
_cc1997.
300 _ax, 221 p. ;
_c24 cm.
505 _aThe Intentional Family (Page-3), Family Rituals of Connection (Page-19), Family Rituals Celebration and Community (Page-83), Becoming A More International Family (Page-167).
650 0 _aFamilies
_zUnited States.
_9104737
650 0 _aFamily festivals
_zUnited States.
_9104845
650 0 _aRites and ceremonies
_zUnited States.
_9104846
942 _2ddc
_cBK
_k306.850973,DOH
999 _c184658
_d184658